000 00265nam a2200109Ia 4500
999 _c8402
_d8402
020 _a978-8131701881
100 _aLalitha Ramakrishnan
245 0 _aCase in Rural Marketing an Integrated approach
260 _aUSA
_bMcGraw Hill
_c2001
300 _a624
942 _cBK